Partnership law in Malaysia

There is a great need for suitable law textbooks which can be used by students who are studying Malaysian partnership law in the universities and colleges in Malaysia.

Saved in:
Bibliographic Details
Main Author: Latif, Samsar Kamar bin Hj. Ab.
Format: Book
Language:Undetermined
Published: Kuala Lumpur International Law Book Services : Sole distributor, Golden Books Centre 2003
Subjects:
Tags: Add Tag
No Tags, Be the first to tag this record!
Institutions: Trung tâm Học liệu Trường Đại học Cần Thơ
LEADER 00794nam a2200205Ia 4500
001 CTU_193924
008 210402s9999 xx 000 0 und d
082 |a 340.09595 
082 |b L356 
100 |a Latif, Samsar Kamar bin Hj. Ab. 
245 0 |a Partnership law in Malaysia 
245 0 |c Samsar Kamar bin Hj. Ab. Latif 
260 |a Kuala Lumpur 
260 |b International Law Book Services : Sole distributor, Golden Books Centre 
260 |c 2003 
520 |a There is a great need for suitable law textbooks which can be used by students who are studying Malaysian partnership law in the universities and colleges in Malaysia. 
650 |a Partnership,Hiệp hội 
650 |z Malaysia,Malaysia 
910 |a Hải 
980 |a Trung tâm Học liệu Trường Đại học Cần Thơ